Kniha faktov 1994
Enregistré dans:
| Collectivité auteur: | |
|---|---|
| Format: | Livre |
| Langue: | slovaque |
| Publié: |
Bratislava
SANDS
1995
|
| Sujets: | |
| Tags: |
Pas de tags, Soyez le premier à ajouter un tag!
|
MARC
| LEADER | 00000nam a2200000 4500 | ||
|---|---|---|---|
| 001 | c110858 | ||
| 005 | 20260129104620.1 | ||
| 020 | |a 80-967201-0-4 | ||
| 041 | 0 | |a slo | |
| 044 | |a SK | ||
| 245 | 1 | 0 | |a Kniha faktov 1994 |
| 264 | 1 | |a Bratislava |b SANDS |c 1995 | |
| 300 | |a 735 s. | ||
| 610 | 2 | 0 | |a papiere cenné |
| 610 | 2 | 0 | |a obchody burzové |
| 610 | 2 | 0 | |a burzy |
| 610 | 2 | 0 | |a emisia |
| 610 | 2 | 0 | |a údaje štatistické |
| 610 | 2 | 0 | |a kapitalizácia |
| 610 | 2 | 0 | |a aukcie |
| 610 | 2 | 0 | |a adresáre |
| 610 | 2 | 0 | |a organizácie |
| 610 | 2 | 0 | |a spoločnosti obchodné |
| 610 | 2 | 0 | |a podnik |
| 610 | 2 | 0 | |a firmy |
| 610 | 2 | 0 | |a informácie |
| 610 | 2 | 0 | |a Slovensko |
| 710 | 2 | |a RM-Systém Slovakia, a.s. | |